<?xml version="1.0" encoding="UTF-8"?>
<record
    xmlns:xsi="http://www.w3.org/2001/XMLSchema-instance"
    xsi:schemaLocation="http://www.loc.gov/MARC21/slim http://www.loc.gov/standards/marcxml/schema/MARC21slim.xsd"
    xmlns="http://www.loc.gov/MARC21/slim">

  <leader>00486nam a22001697a 4500</leader>
  <controlfield tag="005">20240216164638.0</controlfield>
  <controlfield tag="008">240214b        |||||||| |||| 00| 0 eng d</controlfield>
  <datafield tag="020" ind1=" " ind2=" ">
    <subfield code="a">978-81-959313-1-6</subfield>
  </datafield>
  <datafield tag="041" ind1=" " ind2=" ">
    <subfield code="a">English</subfield>
  </datafield>
  <datafield tag="082" ind1=" " ind2=" ">
    <subfield code="a">M 616.01 KAU DB1226</subfield>
  </datafield>
  <datafield tag="100" ind1=" " ind2=" ">
    <subfield code="a">Kaur Sandeep</subfield>
  </datafield>
  <datafield tag="245" ind1=" " ind2=" ">
    <subfield code="a">Applied Microbiology and Infection Control Including Safety for BSc Nursing Students Semester-III</subfield>
  </datafield>
  <datafield tag="260" ind1=" " ind2=" ">
    <subfield code="b">Lotus Publishers</subfield>
    <subfield code="c">2023</subfield>
    <subfield code="a">Punjab</subfield>
  </datafield>
  <datafield tag="300" ind1=" " ind2=" ">
    <subfield code="a">627p</subfield>
  </datafield>
  <datafield tag="365" ind1=" " ind2=" ">
    <subfield code="b">495.00</subfield>
  </datafield>
  <datafield tag="942" ind1=" " ind2=" ">
    <subfield code="c">DB</subfield>
  </datafield>
  <datafield tag="999" ind1=" " ind2=" ">
    <subfield code="c">357088</subfield>
    <subfield code="d">357088</subfield>
  </datafield>
  <datafield tag="952" ind1=" " ind2=" ">
    <subfield code="0">0</subfield>
    <subfield code="1">0</subfield>
    <subfield code="2">ddc</subfield>
    <subfield code="4">0</subfield>
    <subfield code="7">0</subfield>
    <subfield code="a">BTIN</subfield>
    <subfield code="b">BTIN</subfield>
    <subfield code="d">2024-02-13</subfield>
    <subfield code="g">495.00</subfield>
    <subfield code="i">68</subfield>
    <subfield code="l">8</subfield>
    <subfield code="m">5</subfield>
    <subfield code="o">M 616.01 KAU DB1226</subfield>
    <subfield code="p">BTIN-DB-1226</subfield>
    <subfield code="r">2026-01-20 07:42:23</subfield>
    <subfield code="s">2026-01-16</subfield>
    <subfield code="w">2024-02-14</subfield>
    <subfield code="y">DB</subfield>
    <subfield code="z">DB1226</subfield>
  </datafield>
  <datafield tag="952" ind1=" " ind2=" ">
    <subfield code="0">0</subfield>
    <subfield code="1">0</subfield>
    <subfield code="2">ddc</subfield>
    <subfield code="4">0</subfield>
    <subfield code="7">0</subfield>
    <subfield code="a">SNCN</subfield>
    <subfield code="b">SNCN</subfield>
    <subfield code="d">2024-05-24</subfield>
    <subfield code="e">Donated by Ms. Roshani  Bondule, Nagpur</subfield>
    <subfield code="g">495.00</subfield>
    <subfield code="i">IK#2024-25#00025</subfield>
    <subfield code="l">17</subfield>
    <subfield code="m">1</subfield>
    <subfield code="o">616.01 / KAU </subfield>
    <subfield code="p">SNCN-DB-208</subfield>
    <subfield code="r">2026-01-12 16:31:11</subfield>
    <subfield code="s">2025-12-30</subfield>
    <subfield code="v">495.00</subfield>
    <subfield code="w">2024-05-22</subfield>
    <subfield code="y">DB</subfield>
    <subfield code="z">DB-208</subfield>
  </datafield>
</record>
